00891 2200277 4500001002100000005001700021008004100038020002200079035002400101040001200125082001600137084001800153100002200171245013800193250001100331260003000342300003800372500001100410500007600421504003100497650002500528700001500553700001200568850001200580990002100592INLIS00000000002554920170213120745.0  a978-979-1305-73-0 0010-021700000000363 aYOPDYOG 223a150.721 a150.721 Smi D aSMITH, Jonathan A aDasar-dasar psikologi kualitatifb: pedoman praktis metode penelitianc/Jonathan A. Smith; penerjemah, M. Khozim; penyunting, Romdoni aCet. 2 aBandungbNusa Mediac2013 aviii, 348 hlm.b: ilus.c; 23 cm. aIndeks aJudul asli: Qualitative Psikhology: Practical quide to research methots aBibliografi : hlm. 321-338 aPsikologi-Metodologi aKhozim, M. aRomdoni aYOPDYOG a1678-RBM/PD.A.17